000 01000nam a2200193Ii 4500
003 JO-AjNU
008 230605s9999||||xx |||||||||||||| ||und||
040 _aJO-AjNU
_bara
_erda
_cJO-AjNU
041 _aara
050 1 4 _aHD7816.2012
100 3 _aالمؤسسة العامة للضمان الاجتماعي (الأردن),
_eauthor
_945684
245 0 0 _aالمؤسسة العامة للضمان الاجتماعي : التقرير السنوي
264 3 1 _aعمان: وزارة العمل، مؤسسة الضمان الاجتماعي،2012
300 _a98ص
336 _atext
_btxt
_2rdacontent
337 _aunmediated
_bn
_2rdamedia
338 _avolume
_bnc
_2rdacarrier
650 4 _aالتأمين الاجتماعي -- الأردن -- تقارير سنوية -- الأردن -- المؤسسة العامة للضمان الإجتماعي -- تقارير سنوية -- الأردن. وزارة العمل. المؤسسة العامة للضمان الاجتماعي -- تقارير
_945685
999 _aA19821
_c23389
_d23389